01219nam a2200205Ia 4500003000400000005001700004008004100021020001800062040002100080041000800101082002600109110007500135245007700210260008400287300008000371505027300451520017100724650006500895650005300960OSt20200407025049.0191128s2009 ck ab gr 000 0 spa d a9789589438237 aCO-JMCRcCO-JMCR0 aspa04a322.42 / bO145d 2211 aColombia. bObservatorio del programa presidencial de derechos humanos10aDinámica de la violencia en el departamento de Córdoba 1967 - 2008 / aBogotá : bObservatorio del programa presidencial de derechos humanos, c2009 a196 páginas : bilustraciones a color, mapas a blanco y negro ; c28 cm.0 aRegionalización características generales de la población y ventajas estratégicas del Departamento para los actores armados -- Algunas generalidades sobre la economía cordobesa, la colonización el desarrollo de la ganaderia y su relación con la violencia aResulta del mayor interés hacer una interpretación sobre la dinámica reciente de la violencia en Córdoba, en especial la derivada de la confrontación armada14aViolenciaxaspectos sociales y1967-2008zCordoba (Colombia)14aConflicto armado y1967-2008zCordoba (Colombia)